| 000 | 01724cab a2200265 4500 | ||
|---|---|---|---|
| 001 | ABS60198 | ||
| 008 | 090401t1999 xxu||||| |||| 00| 0 eng d | ||
| 035 | _a(Sirsi) u91801 | ||
| 041 | _aeng | ||
| 245 | _aNational Grid Co plc v M25 Group Ltd | ||
| 260 | _c1999 | ||
| 350 | _a0 | ||
| 490 |
_aEstates Gazette _v[1999] 08 EG, 169-173(5) |
||
| 520 | _aCA 21 December 1998. By lease issued July 1968, N held a term of a piece of land used with adjoining land as an electricity substation. The rent was subject to review in June 1994. A valuer was appointed on 20 December 1995 as an expert witness. Under the rent review clause, the expert was directed to consider certain disregards and directions when deciding on the new rent. N appealed for a rent of £25,000 and M for £914,925. N issued a summons seeking the determination of certain issues such as the extent of fixtures and fittings, assumed access and the identification of improvements made by the tenant. M`s appeal to strike the summons was allowed. "Held", appeal allowed. The valuer had the power to determine whether any and if so what increase should be made in the rent payable. However, this was not the whole matter as the valuer had to observe certain contractual directions and disregards. The lease did not confer on the expert the sole power to construe the lease. | ||
| 650 | _aDISREGARDS | ||
| 650 | _aEXPERT WITNESSES | ||
| 650 | _aLEASES | ||
| 650 | _aNATIONAL GRID CO PLC V M25 GROUP LTD | ||
| 650 | _aNORWICH UNION LIFE INSURANCE SOCIETY V P&O PROPERTY HOLDINGS LTD | ||
| 650 | _aORIGINATING SUMMONS | ||
| 650 | _aRENT REVIEWS | ||
| 690 | _aLANDLORD AND TENANT-CASE LAW-BUSINESS TENANCIES | ||
| 942 | _n0 | ||
| 948 | _c05/03/1999 | ||
| 999 |
_c58255 _d58255 |
||